En d.e.u.d.a : los imperios contratacan un dibujo argentino /
Guardado en:
| Autor Principal: | |
|---|---|
| Otros Autores: | , |
| Formato: | Libro |
| Publicado: |
Buenos Aires :
Uba : Facultad de Ciencias Económicas,
2009
|
| Materias: | |
| Etiquetas: |
Agregar Etiqueta
Sin Etiquetas, Sea el primero en etiquetar este registro!
|
| LEADER | 00914nam a22002535a 4500 | ||
|---|---|---|---|
| 001 | CEM.cems013217 | ||
| 005 | 20091113094215.0 | ||
| 008 | 130507s2009##################000#0#####d | ||
| 003 | CEMS | ||
| 082 | 0 | 4 | |a F330.982 |
| 100 | 1 | |a Ortiz, Guillermo | |
| 245 | 1 | 0 | |a En d.e.u.d.a : |b los imperios contratacan un dibujo argentino / |c Guillermo Ortiz ; dirección de Federico Saravia ; ilustraciones de Mariano Krasmanski |
| 260 | |a Buenos Aires : |b Uba : |b Facultad de Ciencias Económicas, |c 2009 | ||
| 300 | |a 56 p. | ||
| 500 | |a Historieta temática del Museo de la Deuda Externa | ||
| 653 | |a Economía argentina | ||
| 653 | |a Deuda externa | ||
| 653 | |a Argentina-deuda externa | ||
| 653 | |a Historieta | ||
| 653 | |a Deuda externa-historieta | ||
| 653 | |a Deuda externa argentina | ||
| 700 | 1 | |a Saravia, Federico, dir. | |
| 700 | 1 | |a Krasmanski, Mariano, il. | |
| 859 | |a CEMS |b BIB. CEMS - 11 de abril |h F330.982 |i 8 |p 2228.44 |t Ej.1 | ||
